000 00418nam a2200133Ia 4500
008 151001s9999||||xx |||||||||||||| ||und||
100 _aचूडराम बल्हारपूर
245 _aमहामृत्युंजय मार्कडेश्वर
250 _a1
260 _bसुयोग प्रकाशन पुणे
260 _c2004
300 _a127
365 _b21
999 _c985124
_d985121